000 00274nam a2200121Ia 4500
005 20251222144649.0
008 251222s9999||||xx |||||||||||||| ||spa||
082 _a256.1/E34
100 _aEisenhofer, Luis
245 0 _aLiturgia católica
264 _bHerder
942 _cLIB
999 _c16983
_d16983